effect of hill spacing on yield of four rice varieties (ឥទ្ធិពលនៃចន្លោះគុម្ពលើពូជស្រូវបួនពូជ) (Record no. 1026)
[ view plain ]
| 000 -LEADER | |
|---|---|
| fixed length control field | 00530nam a22001577a 4500 |
| 003 - CONTROL NUMBER IDENTIFIER | |
| control field | OSt |
| 005 - DATE AND TIME OF LATEST TRANSACTION | |
| control field | 20150922085657.0 |
| 008 - FIXED-LENGTH DATA ELEMENTS--GENERAL INFORMATION | |
| fixed length control field | 150922b xxu||||| |||| 00| 0 eng d |
| 040 ## - CATALOGING SOURCE | |
| Transcribing agency | RUA |
| 082 ## - DEWEY DECIMAL CLASSIFICATION NUMBER | |
| Classification number | AGR KEP 2010 B045 Or.1 |
| 100 ## - MAIN ENTRY--PERSONAL NAME | |
| 9 (RLIN) | 1070 |
| Personal name | KEP, KIMLEANG. |
| 245 ## - TITLE STATEMENT | |
| Title | effect of hill spacing on yield of four rice varieties (ឥទ្ធិពលនៃចន្លោះគុម្ពលើពូជស្រូវបួនពូជ) |
| 260 ## - PUBLICATION, DISTRIBUTION, ETC. (IMPRINT) | |
| Place of publication, distribution, etc. | Phnom Penh |
| Name of publisher, distributor, etc. | RUA |
| Date of publication, distribution, etc. | 2010 |
| 300 ## - PHYSICAL DESCRIPTION | |
| Extent | xi, 47p. |
| Other physical details | ill. |
| Dimensions | 29cm. |
| 942 ## - ADDED ENTRY ELEMENTS (KOHA) | |
| Source of classification or shelving scheme | |
| Koha item type | AGR |
| Price effective from | Date last seen | Permanent Location | Not for loan | Date acquired | Source of classification or shelving scheme | Koha item type | Lost status | Withdrawn status | Total Renewals | Date last checked out | Total Checkouts | Shelving location | Damaged status | Barcode | Current Location | Full call number |
|---|---|---|---|---|---|---|---|---|---|---|---|---|---|---|---|---|
| 2015-09-22 | 2025-08-18 | Library Block B | 2015-09-22 | AGR | 1 | 2025-07-29 | 11 | B045 | RUA006669 | Library Block B | AGR KEP 2010 B045 Or.1 | |||||
| 2015-09-22 | 2024-04-05 | Library Block B | 2015-09-22 | AGR | 2024-03-26 | 4 | B045 | RUA006552 | Library Block B | AGR KEP 2010 B045 Or.2 | ||||||
| 2015-09-22 | 2019-07-05 | Library Block B | 2015-09-22 | AGR | 2019-06-21 | 7 | B045 | RUA006496 | Library Block B | AGR KEP 2010 B045 Or.3 | ||||||
| 2015-09-22 | 2020-01-08 | Library Block B | 2015-09-22 | AGR | 2 | 2019-12-30 | 4 | B045 | RUA008874 | Library Block B | AGR KEP 2010 B045 Or.4 | |||||
| 2015-09-22 | 2018-07-06 | Library Block B | 2015-09-22 | AGR | 2018-06-19 | 1 | B045 | RUA000168 | Library Block B | AGR KEP 2010 B045 Or.5 | ||||||
| 2015-09-22 | 2023-06-21 | Library Block B | 2015-09-22 | AGR | 2023-06-14 | 3 | B045 | RUA000015 | Library Block B | AGR KEP 2010 B045 Or.6 | ||||||
| 2015-09-22 | 2023-12-20 | Library Block B | 2015-09-22 | AGR | 2023-12-07 | 1 | B045 | RUA000179 | Library Block B | AGR KEP 2010 B045 Or.7 | ||||||
| 2015-09-22 | 2024-10-07 | Library Block B | 2015-09-22 | AGR | 2024-09-16 | 2 | B045 | RUA000805 | Library Block B | AGR KEP 2010 B045 Or.8 |